[Event "Madrid ch superveteranos 2021"]
[Site "Madrid ESP"]
[Date "2021.03.16"]
[Round "7.2"]
[White "Barahona Torrijos, Angel"]
[Black "Gonzalez Rivera, Eduardo"]
[Result "1/2-1/2"]
[WhiteElo "1842"]
[BlackElo "1999"]
[PlyCount "86"]
[EventDate "2021.03.08"]
[EventType "swiss"]
[EventRounds "9"]
[EventCountry "ESP"]
[SourceTitle "Ajedrez en Madrid"]
[Source "lmi"]
[SourceDate "2021.03.09"]
[SourceVersion "1"]
[SourceVersionDate "2021.03.17"]
[SourceQuality "1"]

1. e4 e5 2. Nf3 Nc6 3. Nc3 Nf6 4. Bb5 Bb4 5. Nd5 Bc5 6. d3 h6 7. O-O a6 8. Ba4
b5 9. Bb3 d6 10. c3 O-O 11. Be3 Be6 12. d4 Nxe4 13. dxc5 dxc5 14. c4 Qd6 15.
Nc3 Nxc3 16. bxc3 bxc4 17. Ba4 Ne7 18. Bc2 Nd5 19. Bd2 f5 20. Nh4 g5 21. Nf3 e4
22. Ne1 Qe5 23. Qh5 Rf6 24. g3 Bf7 25. Qe2 Nxc3 26. Bxc3 Qxc3 27. Rb1 Rd8 28.
Qe3 Qe5 29. Nf3 Qe7 30. Rfe1 Re6 31. Nd2 Red6 32. Qxc5 Qd7 33. Nxc4 Rc6 34. Qa5
Bxc4 35. Ba4 Bb5 36. Bxb5 axb5 37. Rxb5 f4 38. Rxe4 f3 39. Re1 Qd2 40. Re8+ Kf7
41. Re1 Qxa5 42. Rxa5 Rc3 43. h4 Kf6 1/2-1/2

[Event "Madrid ch superveteranos 2021"]
[Site "Madrid ESP"]
[Date "2021.03.16"]
[Round "7.3"]
[White "Pashov, Spas Nikolov"]
[Black "Ortiz Landeira, Jose Antonio"]
[Result "1/2-1/2"]
[WhiteElo "1819"]
[BlackElo "1759"]
[PlyCount "50"]
[EventDate "2021.03.08"]
[EventType "swiss"]
[EventRounds "9"]
[EventCountry "ESP"]
[SourceTitle "Ajedrez en Madrid"]
[Source "lmi"]
[SourceDate "2021.03.09"]
[SourceVersion "1"]
[SourceVersionDate "2021.03.17"]
[SourceQuality "1"]

1. e4 c5 2. Nf3 Nc6 3. d4 cxd4 4. Nxd4 e5 5. Nb5 a6 6. Nd6+ Bxd6 7. Qxd6 Qe7 8.
Qd1 d6 9. Nc3 Be6 10. Be2 Rd8 11. O-O Nd4 12. Be3 Nxe2+ 13. Qxe2 Nf6 14. Bg5 h6
15. Bxf6 gxf6 16. Qh5 d5 17. exd5 Bxd5 18. Nxd5 Rxd5 19. c4 Rd4 20. b3 e4 21.
Rad1 Qe5 22. Qxe5+ fxe5 23. Rxd4 exd4 24. Re1 f5 25. f3 e3 1/2-1/2

[Event "Madrid ch superveteranos 2021"]
[Site "Madrid ESP"]
[Date "2021.03.16"]
[Round "7.4"]
[White "Lopez Heras, Arturo"]
[Black "Ghavami, Mahmoud"]
[Result "1-0"]
[WhiteElo "1750"]
[BlackElo "1525"]
[PlyCount "57"]
[EventDate "2021.03.08"]
[EventType "swiss"]
[EventRounds "9"]
[EventCountry "ESP"]
[SourceTitle "Ajedrez en Madrid"]
[Source "lmi"]
[SourceDate "2021.03.09"]
[SourceVersion "1"]
[SourceVersionDate "2021.03.17"]
[SourceQuality "1"]

1. e4 d5 2. exd5 Nf6 3. Nf3 c6 4. d4 cxd5 5. Nc3 a6 6. Bd3 Bg4 7. h3 Bh5 8. Be3
e6 9. a3 Bd6 10. Qe2 Nbd7 11. g4 Bg6 12. Bxg6 hxg6 13. O-O-O Qe7 14. Ng5 Bxa3
15. bxa3 Qxa3+ 16. Kd2 Rc8 17. Qd3 Nb6 18. Ra1 Qe7 19. Rhb1 Nc4+ 20. Ke2 O-O
21. Kf1 Rc6 22. Na4 Nd7 23. Rxb7 Nxe3+ 24. Qxe3 Rxc2 25. Nc5 Qd6 26. Rxd7 Qh2
27. Qg3 Qh1+ 28. Qg1 Qxh3+ 29. Nxh3 1-0

[Event "Madrid ch superveteranos 2021"]
[Site "Madrid ESP"]
[Date "2021.03.16"]
[Round "7.5"]
[White "Infante Martin, Alonso"]
[Black "Ureña Castellanos, Antonio"]
[Result "1-0"]
[WhiteElo "1389"]
[BlackElo "1647"]
[PlyCount "111"]
[EventDate "2021.03.08"]
[EventType "swiss"]
[EventRounds "9"]
[EventCountry "ESP"]
[SourceTitle "Ajedrez en Madrid"]
[Source "lmi"]
[SourceDate "2021.03.09"]
[SourceVersion "1"]
[SourceVersionDate "2021.03.17"]
[SourceQuality "1"]

1. d4 Nf6 2. c4 e6 3. Nc3 Bb4 4. Qc2 d5 5. a3 Bxc3+ 6. Qxc3 c6 7. Bg5 Nbd7 8.
Nf3 h6 9. Bh4 Qb6 10. c5 Qc7 11. Bg3 Qd8 12. Qc2 O-O 13. h3 Ne4 14. Bh2 a5 15.
e3 b5 16. Bd3 f5 17. O-O Ndf6 18. Ne5 Bd7 19. f3 Ng5 20. Qf2 Nf7 21. Ng6 Re8
22. Nf4 g5 23. Ng6 Kh7 24. Ne5 Nxe5 25. Bxe5 Rf8 26. g4 Kg8 27. h4 fxg4 28.
hxg5 Nh7 29. Bxh7+ Kxh7 30. f4 hxg5 31. Qh2+ Kg6 32. Qc2+ Rf5 33. Kg2 gxf4 34.
Rxf4 Kg5 35. Kg3 Kg6 36. Rxg4+ Kf7 37. Rg7+ Kf8 38. Rh1 Rg5+ 39. Kf3 Rxg7 40.
Rh8+ Rg8 41. Bd6+ Kf7 42. Qh7+ Rg7 43. Qh5+ Rg6 44. Rxd8 Rxd8 45. Be5 Rdg8 46.
Qh7+ Ke8 47. Bd6 R6g7 48. Qh5+ Kd8 49. Be5 Be8 50. Qh4+ Kc8 51. Bxg7 Rxg7 52.
Kf4 Rg2 53. Ke5 Rxb2 54. Kd6 Kb8 55. Qd8+ Kb7 56. Qb6+ 1-0

[Event "Madrid ch superveteranos 2021"]
[Site "Madrid ESP"]
[Date "2021.03.16"]
[Round "7.6"]
[White "Perales Hernandez, Manuel"]
[Black "Salgado Duarte, Pablo"]
[Result "0-1"]
[WhiteElo "1331"]
[BlackElo "1471"]
[PlyCount "80"]
[EventDate "2021.03.08"]
[EventType "swiss"]
[EventRounds "9"]
[EventCountry "ESP"]
[SourceTitle "Ajedrez en Madrid"]
[Source "lmi"]
[SourceDate "2021.03.09"]
[SourceVersion "1"]
[SourceVersionDate "2021.03.17"]
[SourceQuality "1"]

1. e4 e5 2. Nf3 d6 3. h3 Nf6 4. Nc3 Nc6 5. Bc4 Be7 6. d4 exd4 7. Nxd4 Bd7 8.
Bf4 a6 9. a3 Nxd4 10. Qxd4 Be6 11. Bxe6 fxe6 12. O-O-O e5 13. Bxe5 O-O 14. Bg3
Kh8 15. f3 Nh5 16. Be1 Bf6 17. Qc4 Bxc3 18. Bxc3 Qe7 19. Kb1 Nf4 20. Rhg1 b5
21. Qf1 Ne6 22. Qf2 Ng5 23. Rde1 Nxe4 24. Rxe4 Qxe4 25. Bxg7+ Kxg7 26. Qg3+ Qg6
27. Qe1 c5 28. Qd2 Rad8 29. f4 d5 30. g4 d4 31. f5 Rxf5 32. Re1 Rf7 33. Ka2
Rdf8 34. Re5 Kh8 35. Rxc5 Qe6+ 36. b3 Qe3 37. Qh2 Rf2 38. Qd6 d3 39. Rf5 Rxc2+
40. Kb1 Qc1# 0-1

[Event "Madrid ch superveteranos 2021"]
[Site "Madrid ESP"]
[Date "2021.03.16"]
[Round "7.8"]
[White "Perez Ramos, Miguel Angel"]
[Black "Plaza Plaza, Prudencio"]
[Result "1/2-1/2"]
[WhiteElo "1153"]
[BlackElo "1270"]
[PlyCount "55"]
[EventDate "2021.03.08"]
[EventType "swiss"]
[EventRounds "9"]
[EventCountry "ESP"]
[SourceTitle "Ajedrez en Madrid"]
[Source "lmi"]
[SourceDate "2021.03.09"]
[SourceVersion "1"]
[SourceVersionDate "2021.03.17"]
[SourceQuality "1"]

1. c4 Nf6 2. Nc3 e6 3. e4 d5 4. cxd5 exd5 5. exd5 Nxd5 6. Qe2+ Be6 7. g3 Be7 8.
Bg2 c6 9. Nf3 Nd7 10. O-O O-O 11. a3 Qc7 12. Re1 Rfe8 13. Ne5 Bf6 14. d4 Rad8
15. Bf4 Nxf4 16. gxf4 Nb6 17. Qc2 a6 18. Rad1 Nd5 19. f5 Nxc3 20. bxc3 Bc8 21.
f4 Qa5 22. Qb3 Bxe5 23. Rxe5 Rxe5 24. fxe5 Qb5 25. Qxb5 axb5 26. Be4 g6 27. f6
Be6 28. Kf2 1/2-1/2